| 000 | 00836cam a22002534a 4500 | ||
|---|---|---|---|
| 001 | 14022060 | ||
| 005 | 20241212150551.0 | ||
| 008 | 050630s2007 maua 001 0 eng | ||
| 020 | _a9780073050614 (hardcover) | ||
| 020 | _a9780072848533 (softcover) | ||
| 020 | _a007305061X (hardcover) | ||
| 020 | _a0072848537 (soft cover) | ||
| 050 | 0 | 0 |
_aQH431 _b.L41855 2007 |
| 082 | 0 | 0 |
_a599.93/5 _222 |
| 100 | 1 | _aLewis, Ricki. | |
| 245 | 1 | 0 |
_aHuman genetics : _bconcepts and applications / _cRicki Lewis. |
| 250 | _a7th ed. | ||
| 260 |
_aBoston : _bMcGraw-Hill Higher Education, _cc2007. |
||
| 300 |
_axix, 448, [44] p. : _bill. (chiefly col.) ; _c29 cm. |
||
| 500 | _aIncludes index. | ||
| 650 | 0 | _aHuman genetics. | |
| 856 | 4 | 1 |
_3Table of contents _uhttp://www.loc.gov/catdir/toc/ecip0515/2005018933.html |
| 942 |
_2lcc _cBK _e7th ed. _n0 |
||
| 999 |
_c2124 _d2124 |
||